| 000 | 01730cam a22004574i 4500 | ||
|---|---|---|---|
| 003 | PE-LiUPU | ||
| 005 | 20250731172814.0 | ||
| 008 | 150617s r 000 0 d | ||
| 035 | _a(Sirsi) a13786 | ||
| 040 |
_aPE-LiUPU _bspa _cPE-LiUPU _erda |
||
| 049 | _aPRUA | ||
| 082 | 0 | 4 |
_a227.4 _bC71 _221 |
| 100 | 1 |
_aColson, Howard P., _eautor. |
|
| 245 | 1 | 0 |
_aGálatas : _bLibertad en Cristo / _cHoward P. Colson. |
| 264 | 1 |
_aBuenos Aires : _bCasa Bautista, _c1972. |
|
| 300 |
_a160 páginas ; _c18 cm |
||
| 336 |
_atext _2rdacontent |
||
| 337 |
_aunmediated _2rdamedia |
||
| 338 |
_avolume _2rdacarrier |
||
| 505 | 0 | _aPablo y la crisis de los Gálatas. -Pablo y su evangelio. -El evangelio de Pablo probado y defendido. -La ley frente a la gracia. -La ley en el plan de Dios. -La esclavitud del Legalismo. -Esclavitud contra la libertad. -El hombre natural contra el espíritu. -Viviendo una vida de amor. -Principales enseñanzas de la carta a los Gálatas. | |
| 526 | _aSEG42 | ||
| 526 | _aSEG41 | ||
| 526 | _aSEG40 | ||
| 526 | _aSEG39 | ||
| 526 | _aP94 | ||
| 526 | _aP87 | ||
| 526 | _aP86 | ||
| 526 | _aP85 | ||
| 526 | _aP77 | ||
| 526 | _aP76 | ||
| 526 | _aP35 | ||
| 630 |
_aBiblia _pN.T. _PG álatas _xComentarios. |
||
| 700 | 1 | _aRobert Dean. | |
| 910 |
_ajck _bjvq _cjck _d20150616 |
||
| 942 |
_2ddc _cBOOK |
||
| 949 |
_a227.4 C71 _wDEWEY _c1 _i15607 _lCCODEBUL1 _mBUL _p00.00 _r0 _sY _tBOOK _u2015-04-21 _xTEOLOGIA _PP35 _0COMPRA _o.STAFF. Colección General |
||
| 994 |
_aC0 _bPEPRU |
||
| 596 | _a1 | ||
| 999 |
_a227.4 C71 _wDEWEY _c4191 _i15607 _f2021-11-11 _g5 _lCCODEBUL1 _mBUL _r0 _sY _tBOOK _u2015-4-21 _xTEOLOGIA _PP35 _0COMPRA _o.STAFF. Colección General _d4191 |
||
| 980 |
_81 _gALBERTO SANCHEZ Responsable de Automatización |
||